|
|
|
|
| LEADER |
00000nam0a2200000 4500 |
| 001 |
358878 |
| 005 |
20231102011134.0 |
| 035 |
|
|
|a (RuTPU)RU\TPU\retro\16150
|
| 090 |
|
|
|a 358878
|
| 100 |
|
|
|a 20200831d1974 km y0rusy50 ca
|
| 101 |
0 |
|
|a rus
|
| 102 |
|
|
|a RU
|
| 105 |
|
|
|a a z 001zy
|
| 200 |
1 |
|
|a Расширяющийся и напрягающий цементы и самонапряженные железобетонные конструкции
|f В. В. Михайлов, С. Л. Литвер
|
| 210 |
|
|
|a Москва
|c Стройиздат
|d 1974
|
| 215 |
|
|
|a 312 с.
|c ил.
|
| 320 |
|
|
|a Библиогр.: с. 290-299
|
| 606 |
1 |
|
|a Железобетонные конструкции
|x Самонапряженные
|2 stltpush
|3 (RuTPU)RU\TPU\subj\35624
|9 57269
|
| 606 |
1 |
|
|a Цемент расширяющийся
|2 stltpush
|3 (RuTPU)RU\TPU\subj\35796
|9 57391
|
| 610 |
1 |
|
|a напрягающие бетоны
|
| 610 |
1 |
|
|a получение
|
| 610 |
1 |
|
|a бетонные растворы
|
| 610 |
1 |
|
|a коррозионная стойкость
|
| 610 |
1 |
|
|a железобетонные конструкции
|
| 610 |
1 |
|
|a напорные трубы
|
| 610 |
1 |
|
|a резервуары
|
| 610 |
1 |
|
|a технология
|
| 610 |
1 |
|
|a приготовление
|
| 675 |
|
|
|a 666.982.4
|v 4
|
| 675 |
|
|
|a 691.54
|v 4
|
| 700 |
|
1 |
|a Михайлов
|b В. В.
|g Виктор Васильевич
|
| 701 |
|
1 |
|a Литвер
|b С. Л.
|g Семен Львович
|
| 801 |
|
1 |
|a RU
|b 63413507
|c 20200831
|
| 801 |
|
2 |
|a RU
|b 63413507
|c 20210406
|g RCR
|
| 942 |
|
|
|c BK
|